000 00312nam a2200145 i 4500
001 bg
245 0 _aThe condensed chemical dictionary.
250 _a5th ed.
260 _aNew York,
_c1960.
040 _cBPK
041 _apol
080 _a54(038)
942 _cKS
008 s pl f |000 0 pol
999 _c8318
_d8318
856 _uhttp://koha.tu.koszalin.pl/cgi-bin/koha/opac-detail.pl?biblionumber=8318
_yKatalog online BPK